000 00271nam a2200097Ia 4500
005 20250424112909.0
008 250424s9999 xx 000 0 und d
300 _a95 p. :ill. ; 29 cm.
650 _aEngineering--Periodicals. Engineering--Nigeria--Periodicals.
942 _cSR
999 _c37756
_d37756